000
00311nam a22001337a 4500
008
171023b xxu||||| |||| 00| 0 eng d
020
_a
2900716750078
041
_a
eng
080
_a
311
100
_a
55
101
_a
STA
245
_a
STASTISTICS FOR THE BEHAVIORAL SCIENCES
_c
NOLAN.S.A
942
_2
udc
_c
BK
999
_c
35508
_d
35508